Подробности
| 000 -МАРКЕР |
| контрольное поле |
02541nam0a22003851 4500 |
| 001 - ИДЕНТИФИКАТОР ЗАПИСИ |
| контрольное поле |
v19\rc\1801466 |
| 005 - ИДЕНТИФИКАТОР ВЕРСИИ |
| контрольное поле |
20260405174640.0 |
| 035 ## - ДРУГИЕ СИСТЕМНЫЕ НОМЕРА |
| Идентификатор записи |
(NLR Aleph) 005252056 |
| 100 ## - ДАННЫЕ ОБЩЕЙ ОБРАБОТКИ |
| Данные общей обработки |
20071130d19071907|||y0rusy50 ca |
| 101 0# - ЯЗЫК РЕСУРСА |
| Язык текста, звукозаписи и т.д. |
русский |
| 102 ## - СТРАНА ПУБЛИКАЦИИ ИЛИ ПРОИЗВОДСТВА |
| Страна публикации |
Российская Федерация |
| 105 ## - ПОЛЕ КОДИРОВАННЫХ ДАННЫХ: ТЕКСТОВЫЕ МАТЕРИАЛЫ, МОНОГРАФИЧЕСКИЕ |
| Кодированные данные о монографическом текстовом документе |
y z ||||| |
| 200 1# - ЗАГЛАВИЕ И СВЕДЕНИЯ ОБ ОТВЕТСТВЕННОСТИ |
| Основное заглавие |
Судьбы грузинской церкви |
| Сведения, относящиеся к заглавию |
(По вопросу о груз. церк. автокефалии) |
| Первые сведения об ответственности |
[Н.Н. Дурново] |
| 210 ## - ПУБЛИКАЦИЯ, РАСПРОСТРАНЕНИЕ И ДР. |
| Место издания, распространения и т.д. |
Москва |
| Имя издателя, распространителя и т. д. |
Ред. газ. "Рус. стяг" |
| Дата издания, распространения и т.д. |
1907 |
| Имя изготовителя |
Тип. "Рус. печ." |
| 215 ## - ФИЗИЧЕСКАЯ ХАРАКТЕРИСТИКА |
| Специфическое обозначение материала и объем |
[2], IV, 176 с. |
| Размеры |
14 |
| 300 ## - ОБЩИЕ ПРИМЕЧАНИЯ |
| Текст примечания |
Авт. указан в предисл. |
| 311 ## - ПРИМЕЧАНИЯ, ОТНОСЯЩИЕСЯ К ПОЛЯМ СВЯЗИ (ПРИМЕЧАНИЯ О СВЯЗИ С ДРУГИМИ ПРОИЗВЕДЕНИЯМИ (ИЗДАНИЯМИ)) |
| Текст примечания |
Отт. из газ. "Рус. стяг". 1907 г., 1909 г. |
| 311 ## - ПРИМЕЧАНИЯ, ОТНОСЯЩИЕСЯ К ПОЛЯМ СВЯЗИ (ПРИМЕЧАНИЯ О СВЯЗИ С ДРУГИМИ ПРОИЗВЕДЕНИЯМИ (ИЗДАНИЯМИ)) |
| Текст примечания |
1-е добавление, 1907 (шифр: 38.37.7.37(2)) |
| 311 ## - ПРИМЕЧАНИЯ, ОТНОСЯЩИЕСЯ К ПОЛЯМ СВЯЗИ (ПРИМЕЧАНИЯ О СВЯЗИ С ДРУГИМИ ПРОИЗВЕДЕНИЯМИ (ИЗДАНИЯМИ)) |
| Текст примечания |
2-е добавление, 1907 (обл. 1908) (шифр: 38.37.7.37(3)) |
| 311 ## - ПРИМЕЧАНИЯ, ОТНОСЯЩИЕСЯ К ПОЛЯМ СВЯЗИ (ПРИМЕЧАНИЯ О СВЯЗИ С ДРУГИМИ ПРОИЗВЕДЕНИЯМИ (ИЗДАНИЯМИ)) |
| Текст примечания |
[3-е добавление].-М.:Русский стяг, 1909.-На тит. л.: Вып. 4 (шифр: 38.37.7.37(4)) |
| 421 #0 - ПРИЛОЖЕНИЕ |
| Встроенное поле |
1010#$arus |
| -- |
2001#$a1-е добавление |
| -- |
210##$d1907 |
| -- |
215##$a47 с. |
| -- |
899##$aNLR$j38.37.7.37(2) |
| Заглавие |
1-е добавление |
| 421 #0 - ПРИЛОЖЕНИЕ |
| Встроенное поле |
1010#$arus |
| -- |
2001#$a2-е добавление |
| -- |
210##$d1907 (обл. 1908) |
| -- |
215##$a104 с. |
| -- |
899##$aNLR$j38.37.7.37(3) |
| Заглавие |
2-е добавление |
| 421 #0 - ПРИЛОЖЕНИЕ |
| Встроенное поле |
1010#$arus |
| -- |
2001#$a[3-е добавление]$h1$iПо поводу годовщины со дня убиения русского экзарха в Грузии в.-преосв. Никона$h2$iДокладная записка православных грузин о современном положении грузинской церкви |
| -- |
210##$aМосква$cРусский стяг$d1909 |
| -- |
215##$a29 с. |
| -- |
300##$aНа тит. л.: Вып. 4 |
| -- |
899##$aNLR$j38.37.7.37(4) |
| Заглавие |
[3-е добавление] |
| 488 #0 - ДРУГИЕ ВЗАИМОСВЯЗАННЫЕ ПРОИЗВЕДЕНИЯ (ДОКУМЕНТЫ) |
| Встроенное поле |
2001#$aРусский стяг$v1907, 1909 |
| Заглавие |
Русский стяг |
| 700 #1 - ИМЯ ЛИЦА - ПЕРВИЧНАЯ ОТВЕТСТВЕННОСТЬ |
| Материалы, к которым относится поле |
rus |
| Графика поля |
Кириллица |
| Начальный элемент ввода |
Дурново |
| Часть имени, кроме начального элемента ввода |
Н. Н. |
| Даты |
1876-1937 |
| Расширение инициалов личного имени |
Николай Николаевич |
| Идентификатор авторитетной/нормативной записи |
RU\NLR\AUTH\7759838 |
| Системный номер авторитетной/нормативной записи |
42769 |
| 702 #0 - ИМЯ ЛИЦА - ВТОРИЧНАЯ ОТВЕТСТВЕННОСТЬ |
| Код отношения |
Прочие |
| Материалы, к которым относится поле |
rus |
| Графика поля |
Кириллица |
| Начальный элемент ввода |
Никон |
| Дополнения к именам, кроме дат |
Софийский, Николай Андреевич |
| -- |
архиепископ |
| Даты |
1861-1908 |
| Идентификатор авторитетной/нормативной записи |
RU\NLR\AUTH\7775854 |
| Системный номер авторитетной/нормативной записи |
58782 |
| 790 #1 - ИМЯ ЛИЦА - АЛЬТЕРНАТИВНАЯ ФОРМА |
| Системный номер авторитетной/нормативной записи |
z01702 |
| Начальный элемент ввода |
Софийский |
| Часть имени, кроме начального элемента ввода |
Н.А. |
| Даты |
1861-1908 |
| Расширение инициалов личного имени |
Николай Андреевич |
| 801 #0 - ИСТОЧНИК ЗАПИСИ |
| Страна |
Российская Федерация |
| Организация |
NLR |
| Дата составления |
20071130 |
| Правила каталогизации |
psbo |
| 801 #0 - ИСТОЧНИК ЗАПИСИ |
| Страна |
Российская Федерация |
| Организация |
RuMoRGB |
| Дата составления |
20071130 |
| Источник данных |
psbo |
| 801 #1 - ИСТОЧНИК ЗАПИСИ |
| Страна |
Российская Федерация |
| Организация |
ProSoft-M |
| Дата составления |
20071130 |
| Источник данных |
rusmarc |
| 801 #2 - ИСТОЧНИК ЗАПИСИ |
| Страна |
Российская Федерация |
| Организация |
NLR |
| Дата составления |
20090410 |
| Источник данных |
rusmarc |
| 852 ## - МЕСТОНАХОЖДЕНИЕ И ШИФР ХРАНЕНИЯ |
| Идентификатор организации |
NLR |
| Шифр хранения (Call Number) |
38.37.7.37(1) |
| 942 ## - ДОПОЛНИТЕЛЬНЫЕ ЭЛЕМЕНТЫ ЗАПИСИ (АБИС) |
| Тип экземпляра АБИС |
Книга |
| 980 ## - КОЛЛЕКЦИЯ |
| Название коллекции |
Национальная библиография |